| 000 | 01650nam a2200253 i 4500 | ||
|---|---|---|---|
| 001 | 768714001 | ||
| 003 | CO-MdFUSB | ||
| 005 | 20240527171346.0 | ||
| 008 | 240527t1975 sp ||||| |||| 00| 0 spa d | ||
| 040 |
_bspa _cCO-MdFUSB _dCO-MdFUSB |
||
| 041 | _aspa | ||
| 100 |
_aAnastasiou, Ioannis, _eautor |
||
| 245 | 3 |
_aLa disciplina eclesiástica en la vida personal de los fieles _c/ Ioannis Anastasiou ; traducido por Jesús valiente Malla |
|
| 520 | _aEl fiel cristiano no es un individuo aislado, sino que pertenece a la Iglesia fundada por Cristo y que constituye su cuerpo. La Escritura atestigua este hecho de la incorporación, que además es universalmente aceptado por la doctrina cristiana. El creyente, como miembro del cuerpo de Cristo, es consciente de pertenecer a una nación santa, el nuevo Israel de la gracia, y de estar llamado a una salvación que se realiza a través de su participación en el culto de la Iglesia y en los sacramentos (mysteria) que le confieren la gracia. La participación de los fieles en la Iglesia es en sí misma un misterio que se realiza mediante la llamada de Cristo y el sacramento del bautismo. | ||
| 630 | 0 | _aReligión, cultura y sociedad | |
| 650 | 0 |
_aDisciplina eclesiástica _91206 |
|
| 650 | 7 |
_aIglesia _9655 |
|
| 650 | 2 |
_aPenitencia (Sacramento) _91153 |
|
| 650 | 7 |
_aCristología _9239 |
|
| 700 |
_aValiente Malla, Jesús, _etraductor |
||
| 773 | 0 |
_049450 _982688 _oR2597 _tRevista internacional de teología Concilium _w(CO-MdFUSB)8 _x0210-1041 _gVolumen 107, (julio - agosto, 1975) páginas: 57 - 67 _qpáginas: 57 |
|
| 942 | _cANA | ||
| 945 | _aCatherine Arias Álvarez - Practicante SENA | ||
| 999 |
_c69939 _d69939 |
||